[Event "10th Schloss Open"]
[Site "Werther GER"]
[Date "2004.04.03"]
[Round "2"]
[White "Kiese,M"]
[Black "Malakhatko,V"]
[Result "0-1"]
[WhiteElo "2252"]
[BlackElo "2543"]

1.d4 d5 2.c4 c6 3.Nf3 Nf6 4.Nc3 dxc4 5.a4 Bf5 6.e3 e6 7.a5 Bd3 8.Bxd3 cxd3
9.Qb3 Qc8 10.O-O Be7 11.e4 Nfd7 12.e5 h6 13.Be3 Na6 14.Ne4 O-O 15.Nfd2 c5
16.Rfc1 Qb8 17.f4 cxd4 18.Bxd4 Nb4 19.Ra4 Nd5 20.g3 Rc8 21.Rxc8+ Qxc8 22.Rc4 Qb8
23.Qb5 Nf8 24.Bc5 Bxc5+ 25.Nxc5 b6 26.Nxd3 a6 27.Qc6 bxa5 28.Ne4 Qb3 29.Rd4 Ra7
30.Qc5 Qd1+ 31.Kf2 Rc7  0-1

[Event "FSGM April"]
[Site "Budapest HUN"]
[Date "2004.04.05"]
[Round "3"]
[White "Horvath,P1"]
[Black "Vajda,Al1"]
[Result "0-1"]
[WhiteElo "2464"]
[BlackElo "2427"]

1.d4 d5 2.c4 c6 3.Nf3 Nf6 4.Nc3 dxc4 5.a4 Bf5 6.Ne5 Nbd7 7.Nxc4 Nb6 8.Ne5 a5
9.g3 Nfd7 10.Nf3 e6 11.Bg2 Be7 12.O-O O-O 13.e4 Bg4 14.Bf4 Re8 15.Qb3 Bb4
16.Rad1 Qe7 17.Na2 e5 18.Bg5 Qe6 19.Qxe6 Bxe6 20.Nxb4 axb4 21.dxe5 Nxa4 22.Rd2 Bg4
23.Nd4 Nxe5 24.h3 Bc8 25.Ra1 Nb6 26.Rxa8 Nxa8 27.b3 c5 28.Nb5 Bxh3 29.Nd6 Rb8
30.Bf4 Bxg2 31.Bxe5 f6 32.Kxg2 fxe5 33.Nf5 b5 34.Rd7 c4 35.Rxg7+ Kh8 36.Ra7 Nb6
37.Ne3 cxb3 38.Ra1 Ra8 39.Rb1 Ra3 40.Nd5 Na4 41.f4 Nc3  0-1

[Event "Open ch-NOR"]
[Site "Oslo NOR"]
[Date "2004.04.05"]
[Round "3"]
[White "Nedberg,B"]
[Black "Hole,O"]
[Result "0-1"]
[WhiteElo "2120"]
[BlackElo "2300"]

1.d4 d5 2.c4 c6 3.Nf3 Nf6 4.Nc3 dxc4 5.a4 Bf5 6.e3 e6 7.Bxc4 Bb4 8.O-O O-O
9.Qe2 Bg6 10.Rd1 Nbd7 11.Ne5 Qa5 12.Nxg6 hxg6 13.Bd2 Rfd8 14.Be1 e5 15.d5 e4
16.dxc6 bxc6 17.Qc2 Ne5 18.Be2 Rxd1 19.Rxd1 Rd8 20.Kf1 Nd3 21.Bxd3 exd3 22.Rxd3 Qa6
23.Ke2 Bxc3 24.bxc3 Qc4 25.f3 a5 26.Kd2 Rxd3+ 27.Qxd3 Qxa4 28.e4 Qa2+ 29.Qc2 Qa3
30.Bg3 a4 31.Qd3 Qb2+ 32.Qc2 Qa1 33.Qc1 Qa2+ 34.Qc2 Qc4 35.Qd3 Qc5 36.Bd6 Qg5+
37.Kc2 Qxg2+ 38.Kb1 Qf2 39.Bg3 Qb6+ 40.Ka1 Qb3 41.Be5 c5 42.Qd8+ Kh7 43.Bxf6 gxf6
44.Qxf6 a3 45.Qh4+ Kg7 46.Qf2 Qxc3+ 47.Ka2 c4 48.f4 Qb3+ 49.Ka1 c3  0-1

[Event "Asian U18g"]
[Site "Tehran IRI"]
[Date "2004.04.05"]
[Round "3"]
[White "Harika,D"]
[Black "Hoang Thi Bao Tram"]
[Result "1-0"]
[WhiteElo "2368"]
[BlackElo "2177"]

1.Nf3 d5 2.d4 Nf6 3.c4 c6 4.Nc3 dxc4 5.a4 Bf5 6.Nh4 Bg6 7.Nxg6 hxg6 8.e4 e6
9.Bxc4 Bb4 10.Qd3 Qc7 11.e5 Nd5 12.O-O Qe7 13.h3 Nd7 14.a5 O-O 15.Ne4 Qd8
16.Bg5 Qc7 17.a6 b5 18.Bb3 c5 19.Bxd5 exd5 20.Nxc5 Bxc5 21.dxc5 Qxc5 22.Rfc1 Nxe5
23.Rxc5 Nxd3 24.Rxd5 Nxb2 25.Rxb5 Nc4 26.Rb7 Rfc8 27.Rd1 Na5 28.Rdd7 Rc6
29.Rxa7 Rxa6 30.Rac7 Rf8 31.Be7 Rb8 32.Bc5 Rf6 33.Bd4 Rf4 34.g3 Rf3 35.Kg2 Rd3
36.Rxf7 Rxd4 37.Rxg7+ Kf8 38.Rcf7+ Ke8 39.Re7+ Kf8 40.Ref7+ Ke8 41.Ra7 Kf8
42.Rxg6 Nc4 43.Rf6+ Kg8 44.h4 Ne5 45.h5 Rf8 46.Rxf8+ Kxf8 47.h6 Kg8 48.f4 Ng4
49.Rg7+  1-0

[Event "Open ch-NOR"]
[Site "Oslo NOR"]
[Date "2004.04.06"]
[Round "4"]
[White "Larsen,Tor"]
[Black "Omtvedt,P"]
[Result "0-1"]
[WhiteElo "2020"]
[BlackElo "2148"]

1.Nf3 d5 2.d4 c6 3.c4 Nf6 4.Nc3 dxc4 5.a4 Bf5 6.Nh4 Bc8 7.e3 e6 8.Bxc4 Be7
9.O-O O-O 10.Nf3 c5 11.b3 Nc6 12.Ba3 cxd4 13.Bxe7 Qxe7 14.exd4 Rd8 15.Re1 Qd6
16.Nb5 Qb8 17.d5 exd5 18.Bxd5 Be6 19.Bxe6 Rxd1 20.Bxf7+ Kxf7 21.Raxd1 Qf4
22.Nd6+ Kg8 23.h4 Rd8 24.Re6 h6 25.Rd2 Rd7 26.Nxb7 Rxd2 27.Nxd2 Nd4 28.Ne4 Nxe6  0-1

[Event "FSGM April"]
[Site "Budapest HUN"]
[Date "2004.04.08"]
[Round "6"]
[White "Muir,A"]
[Black "Groetz,H"]
[Result "1/2-1/2"]
[WhiteElo "2303"]
[BlackElo "2359"]

1.d4 d5 2.c4 c6 3.Nf3 Nf6 4.Nc3 dxc4 5.a4 Bf5 6.Ne5 Nbd7 7.Nxc4 Qc7 8.g3 e5
9.dxe5 Nxe5 10.Bf4 Nfd7 11.Bg2 g5 12.Ne3 gxf4 13.Nxf5 O-O-O 14.Qc2 Nc5 15.O-O Ne6
16.Ne4 Bb4 17.Rfd1 a5 18.Rxd8+ Rxd8 19.Rd1 Kb8 20.Nf6 Bc5 21.Ne4 Bb4  1/2-1/2

[Event "Open ch-NOR"]
[Site "Oslo NOR"]
[Date "2004.04.08"]
[Round "6"]
[White "Scholseth,T"]
[Black "Omtvedt,P"]
[Result "1/2-1/2"]
[WhiteElo "2250"]
[BlackElo "2148"]

1.d4 d5 2.Nf3 c6 3.c4 Nf6 4.Nc3 dxc4 5.a4 Bf5 6.e3 e6 7.Bxc4 Bb4 8.O-O Nbd7
9.Qe2 Ne4 10.Na2 Bd6 11.b4 O-O 12.Bb2 Qe7 13.b5  1/2-1/2

[Event "Open ch-NOR"]
[Site "Oslo NOR"]
[Date "2004.04.08"]
[Round "6"]
[White "Brasoy,A"]
[Black "Berntsen,S"]
[Result "1/2-1/2"]
[WhiteElo "1994"]
[BlackElo "2106"]

1.d4 d5 2.c4 c6 3.Nf3 Nf6 4.Nc3 dxc4 5.a4 Bf5 6.e3 e6 7.Bxc4 Bb4 8.O-O O-O
9.Qe2 Nbd7 10.Rd1 a5 11.e4 Bg6 12.Bd3 Qc7 13.e5 Nd5 14.Bxg6 fxg6 15.Nxd5 cxd5
16.Ng5 Rae8 17.Qd3 Nb8 18.Qh3 h6 19.Nxe6 Qc2 20.Be3 Rf7 21.Nf4 Qb3 22.Nxg6 Qxb2
23.Nf4 Qb3 24.Qh5 Nc6 25.e6 Rff8 26.Rdb1 Qc4 27.Nxd5 Nxd4 28.Nf6+ gxf6 29.Qg6+  1/2-1/2

[Event "6th Foxwoods Open"]
[Site "Connecticut USA"]
[Date "2004.04.09"]
[Round "4"]
[White "Tsyganov,I"]
[Black "Raman,S"]
[Result "1-0"]
[WhiteElo "2324"]
[BlackElo "1852"]

1.d4 d5 2.c4 c6 3.Nc3 Nf6 4.Nf3 dxc4 5.a4 Bf5 6.e3 Nbd7 7.Bxc4 Qc7 8.e4 Bxe4
9.Bxf7+ Kxf7 10.Ng5+ Ke8 11.Ngxe4 e5 12.O-O exd4 13.Re1 Be7 14.Qxd4 h6 15.Bf4 Qb6
16.Nd6+ Kd8 17.Nf7+ Ke8 18.Qxb6  1-0

[Event "Open ch-NOR"]
[Site "Oslo NOR"]
[Date "2004.04.10"]
[Round "8"]
[White "Nedberg,B"]
[Black "Bjerke,R"]
[Result "1/2-1/2"]
[WhiteElo "2120"]
[BlackElo "2242"]

1.d4 d5 2.c4 c6 3.Nf3 Nf6 4.Nc3 dxc4 5.a4 Bf5 6.e3 e6 7.Bxc4 Bb4 8.O-O O-O
9.Qe2 Ne4 10.Nxe4 Bxe4 11.Ne5 Nd7 12.Nd3 Bd6 13.Bd2 a5 14.f3 Bg6 15.e4 c5
16.Be3 cxd4 17.Bxd4 Bxh2+ 18.Kxh2 Qc7+ 19.Nf4 Qxf4+ 20.g3 Qg5 21.Be3 Qe7
22.Rfd1 Rfd8 23.Bb5 f5 24.exf5 Bxf5 25.Bf4 Nf6 26.Bc4 Nh5 27.Qe5 Nxf4 28.Qxf5 Rf8
29.Qe4 Ng6  1/2-1/2

[Event "77th ch-city"]
[Site "St Petersburg RUS"]
[Date "2004.04.10"]
[Round "10"]
[White "Ionov,S"]
[Black "Popov,Val"]
[Result "1-0"]
[WhiteElo "2538"]
[BlackElo "2580"]

1.d4 d5 2.c4 c6 3.Nf3 Nf6 4.Nc3 dxc4 5.a4 Bf5 6.e3 e6 7.Bxc4 Bb4 8.O-O Nbd7
9.Nh4 Bg6 10.g3 a5 11.Qe2 Bh5 12.f3 O-O 13.Rd1 Qb6 14.g4 Bg6 15.e4 e5 16.Be3 exd4
17.Bxd4 Bc5 18.Qf2 Rad8 19.Rd2 Bxd4 20.Rxd4 Nc5 21.Rad1 Rxd4 22.Qxd4 Nfd7
23.Qf2 Re8 24.Rd6 Kf8 25.Qd4 Qb4 26.Ba2 Ne5 27.Rd8 Ncd3 28.Bb1 Qe7 29.Rxe8+ Kxe8
30.Bxd3 Qg5 31.Be2 f6 32.Nxg6 hxg6 33.Kg2 Qc1 34.Nd1 g5 35.Qc3 Qa1 36.b3 Qa3
37.Kf1 Ng6 38.Bc4 Nf4 39.Qd2 Qc5 40.Nf2 b5 41.axb5 cxb5 42.Be2 Qa3 43.Bxb5+  1-0

[Event "ACP Blitz Prelim2"]
[Site "playchess.com INT"]
[Date "2004.04.13"]
[Round "1"]
[White "Grabuzova,T"]
[Black "Zhukova,N"]
[Result "0-1"]
[WhiteElo "2348"]
[BlackElo "2471"]

1.d4 d5 2.c4 c6 3.Nf3 Nf6 4.Nc3 dxc4 5.a4 Bf5 6.e3 e6 7.Bxc4 Bb4 8.O-O O-O
9.Nh4 Nbd7 10.Nxf5 exf5 11.Qc2 g6 12.Rd1 Qe7 13.Bd2 a5 14.Be1 Nb6 15.Bf1 Rac8
16.Qb3 Rfd8 17.g3 Kg7 18.Bg2 h5 19.Rac1 h4 20.Na2 Bxe1 21.Rxe1 Nbd5 22.Nc3 Nb4
23.Rcd1 Rh8 24.e4 fxe4 25.Nxe4 Nxe4 26.Rxe4 Qd6 27.Rde1 Rc7 28.Qc4 Nd5 29.Re5 Nb6
30.Qc3 Nxa4 31.Qxa5 Nxb2 32.Qc3 Na4 33.Qa1 b5 34.d5 Qf6 35.dxc6 h3 36.Bh1 Rb8
37.Rd5 Qxa1 38.Rxa1 Nc3 39.Rd7 Rxd7 40.cxd7 b4 41.Re1 Rd8 42.Bc6 b3 43.Be4 Rxd7
44.Bb1 Ra7 45.Kf1 Ra1 46.Bd3 b2 47.Bc2 Rxe1+ 48.Kxe1 b1=Q+ 49.Bxb1 Nxb1 50.Ke2 g5
51.Kf3 f5 52.Ke3 Nc3 53.f4 g4 54.Kf2 Ne4+ 55.Kg1 Kf6 56.Kh1 Ke6 57.Kg1 Kd5
58.Kh1 Kd4 59.Kg1 Ke3 60.Kh1 Kf3 61.Kg1 Nxg3  0-1

[Event "ACP Blitz Prelim2"]
[Site "playchess.com INT"]
[Date "2004.04.13"]
[Round "14"]
[White "Notkin,M"]
[Black "Zhukova,N"]
[Result "1-0"]
[WhiteElo "2471"]
[BlackElo "2471"]

1.d4 d5 2.c4 c6 3.Nc3 Nf6 4.Nf3 dxc4 5.a4 Bf5 6.Ne5 Nbd7 7.Nxc4 Qc7 8.g3 e5
9.dxe5 Nxe5 10.Bf4 Nfd7 11.Bg2 g5 12.Ne3 gxf4 13.Nxf5 O-O-O 14.O-O Bc5 15.Qc2 fxg3
16.hxg3 h5 17.Ne4 Bb4 18.a5 a6 19.Ra4 Bxa5 20.Ned6+ Kb8 21.Rfa1 Bb6 22.Rb4 h4
23.gxh4 Ng4 24.Rxg4 Ne5 25.Rb4 Rdg8 26.Kf1 Ng4 27.e3 Nh2+ 28.Ke2 Rxg2 29.Qb3 Ka7
30.Qc3 Rhg8 31.Qe5 Ng4 32.Rxg4 R2xg4 33.Ne7 Rd8 34.Rd1 Rxh4 35.Qf6 Rhh8 36.Nef5 Bc5
37.Qe5 Qb6 38.Nc4 Qb5 39.Rc1 Rh5 40.Qe4 Rd5 41.Ng3 Rhg5 42.Qc2 f5 43.b3 f4
44.exf4 Rg8 45.Kf3 Re8 46.Ne4 Red8 47.Ne3 Rd3 48.Qxc5+ Qxc5 49.Nxc5 Rd2 50.f5 b6
51.Ne6 R8d6 52.Nf4 Kb7 53.Rh1 Rb2 54.Rh7+ Kc8 55.Ne6 Rxb3 56.Ke4 Rb4+ 57.Ke5 Rd7
58.f6 Rxh7 59.Ng5 Rb5+ 60.Kf4 Rh4+ 61.Ng4 Rh8 62.f7 Kd7 63.Ne5+ Ke7 64.Ng6+ Kd6
65.Nxh8  1-0

[Event "ch-city"]
[Site "Berlin GER"]
[Date "2004.04.14"]
[Round "6"]
[White "Vandre,W"]
[Black "Held,Pe"]
[Result "0-1"]
[WhiteElo "2208"]
[BlackElo "2158"]

1.d4 d5 2.c4 c6 3.Nf3 Nf6 4.Nc3 dxc4 5.a4 Bf5 6.e3 e6 7.Bxc4 Bb4 8.O-O O-O
9.Nh4 Nbd7 10.f3 c5 11.Na2 Ba5 12.Nxf5 exf5 13.dxc5 Bc7 14.Qc2 g6 15.Be2 Qe7
16.c6 Rac8 17.Nc3 bxc6 18.a5 Rb8 19.g3 Qc5 20.Ra4 Nd5 21.Kg2 Nb4 22.Qd2 Rfd8
23.Qe1 Ne5 24.e4 Ned3 25.Bxd3 Nxd3 26.Qe2 f4 27.Rd1 Nxc1 28.Rxc1 fxg3 29.Rc4 Qg5
30.Nd5 gxh2+ 31.Kh1 Be5 32.Rxc6 Rxb2 33.Qf1 Qg3 34.R6c2 Rb3 35.Qg2 Qxf3 36.Ne7+ Kf8
37.Qxf3 Rxf3 38.Nc6 Re8 39.Nxa7 Bf4 40.Ra1 Rxe4 41.Nc6 Rfe3  0-1

[Event "It"]
[Site "Indjija SCG"]
[Date "2004.04.14"]
[Round "4"]
[White "Gralka,J"]
[Black "Klasan,V"]
[Result "0-1"]
[WhiteElo "2289"]
[BlackElo "2151"]

1.d4 d5 2.c4 c6 3.Nf3 Nf6 4.Nc3 dxc4 5.a4 Bf5 6.e3 e6 7.Bxc4 Bb4 8.O-O O-O
9.Qe2 Nbd7 10.e4 Bg6 11.Bd3 Bh5 12.e5 Nd5 13.Nxd5 cxd5 14.Qe3 Be7 15.Bd2 Nb8
16.a5 a6 17.Rfc1 Nc6 18.Ne1 Bg6 19.Bxg6 hxg6 20.Nd3 Rc8 21.Qf4 Qd7 22.h4 Na7
23.Bc3 Nb5 24.Bb4 Bxb4 25.Nxb4 Rxc1+ 26.Rxc1 Qd8 27.Ra1 Qc7 28.Qd2 Rc8 29.g3 Qc4
30.Rd1 Qb3 31.Kg2 Rc4 32.Nd3 Nxd4 33.h5 gxh5 34.Rh1 Nc6  0-1

[Event "Constantin Ungureanu Mem"]
[Site "Bucharest ROM"]
[Date "2004.04.15"]
[Round "1"]
[White "Shishkin,Va"]
[Black "Ionescu,M"]
[Result "1/2-1/2"]
[WhiteElo "2443"]
[BlackElo "2388"]

1.d4 d5 2.c4 c6 3.Nc3 Nf6 4.Nf3 dxc4 5.a4 Bf5 6.e3 e6 7.Bxc4 Bb4 8.O-O O-O
9.Nh4 Nbd7 10.f3 Qe7 11.e4 Bg6 12.Nxg6 hxg6 13.e5 Nd5 14.Nxd5 cxd5 15.Bd3 Nb8
16.Be3 Nc6 17.Qe2 Ba5 18.Rad1 Bb6 19.Bb1 Qb4 20.Qf2 Qxa4 21.f4 f5 22.exf6 Rxf6
23.Kh1 Raf8 24.g3 Ne7 25.g4 Bc7 26.Qd2 Qa5 27.Qe2 Qb6 28.Qd2 Qb3 29.Rc1 Bd6
30.Rc3 Qb6 31.Rcc1 a5 32.Rf2 Qb4 33.Rc3 Qb5 34.Bd3 Qa4 35.Rc1 Qb3 36.Rc3 Qb6
37.Rc1 a4 38.Rcf1 Qb4 39.Qe2 Qb3 40.Kg2 Qb6 41.h4 Qc7 42.g5 Rf5 43.h5 Qd7
44.Bd2 gxh5 45.Bxf5 exf5 46.Qxh5 Qe8 47.Qxe8 Rxe8 48.Re2 Kf7 49.Rfe1 Rc8
50.Re6 Rc6 51.Kf3 Ng6 52.R6e2 Rb6 53.Bc1 Rb4 54.Rd1 b5 55.Rd3 Rc4 56.Be3 b4
57.b3 axb3 58.Rxb3 Ne7 59.Ra2 Nc6 60.Ra6 Ke6 61.Rd3 Kd7 62.Rb6 Kc7 63.Rb5 Ne7
64.Rd1 Kc6 65.Ra5 Nc8 66.Rda1 Nb6 67.Ra7 Bc7 68.R7a5 Bd6 69.Ra7 Rc3 70.Ke2 Bc7
71.Bd2 Rc2 72.Rc1 Rxc1 73.Bxc1 Nc8 74.Ra8 Kb7 75.Ra4 Bd6 76.Bd2 Nb6 77.Ra5 Kc6
78.Ra7 Nd7 79.Kd3 g6 80.Kc2 Bb8 81.Ra5 Bd6 82.Ra8 Bb8 83.Ra1 Kb7 84.Ra4 Bd6
85.Bxb4 Nb6 86.Bxd6 Nxa4 87.Kb3 Nb6 88.Kb4 Kc6 89.Be5 Nc4 90.Bb8 Ne3 91.Be5  1/2-1/2

[Event "ACP Blitz Prelim4"]
[Site "playchess.com INT"]
[Date "2004.04.15"]
[Round "8"]
[White "Epishin,V"]
[Black "Polaczek,R"]
[Result "1-0"]
[WhiteElo "2610"]
[BlackElo "2426"]

1.d4 d5 2.c4 c6 3.Nf3 Nf6 4.Nc3 dxc4 5.a4 Bf5 6.Nh4 e6 7.Nxf5 exf5 8.e3 Bd6
9.Bxc4 O-O 10.h3 h5 11.O-O Qe7 12.Qc2 Nbd7 13.Qxf5 c5 14.Bd2 g6 15.Qxg6+ Kh8
16.Qh6+ Kg8 17.f4 cxd4 18.exd4 Nb6 19.Bd3  1-0

[Event "TCh-RUS w"]
[Site "Sochi RUS"]
[Date "2004.04.21"]
[Round "2"]
[White "Shaidullina,S"]
[Black "Frolova,T"]
[Result "1-0"]
[WhiteElo "2332"]
[BlackElo "2112"]

1.d4 d5 2.Nf3 Nf6 3.c4 c6 4.Nc3 dxc4 5.a4 Bf5 6.Nh4 e6 7.Nxf5 exf5 8.e3 Bb4
9.Bxc4 O-O 10.O-O Nbd7 11.Qc2 g6 12.Rd1 Nb6 13.Ba2 Rc8 14.Qb3 Qe7 15.Bd2 Bd6
16.h3 Rcd8 17.Rac1 Nbd5 18.Nxd5 Nxd5 19.Re1 Bb8 20.Bb1 Qc7 21.g3 Qd7 22.Rcd1 Bd6
23.Kg2 Nf6 24.Re2 Ne4 25.Be1 Ng5 26.h4 Ne4 27.f3 Nf6 28.e4 fxe4 29.fxe4 Qg4
30.Qf3 Qxf3+ 31.Kxf3 Bc7 32.Rd3 h5 33.Bc3 Rfe8 34.b4 Rd7 35.Rdd2 Ng4 36.Ba2 a6
37.e5 Kh7 38.Re1 Nh6 39.Bb1 Rde7 40.Rde2 Nf5 41.g4 hxg4+ 42.Kxg4 Ng7 43.Kf3 Rd8
44.Rh1 Nh5 45.Rg2 Bb6 46.Rg5 Kg7 47.Rhg1 Kf8 48.Rd1 Ng7 49.b5 Red7 50.bxc6 bxc6
51.Bb4+ Kg8 52.Bd6 Bc7 53.Bxc7 Rxc7 54.Ba2 Re7 55.Rxg6 Kh7 56.Rxc6 Rxe5 57.dxe5 Rxd1
58.Rxa6 Rd4 59.Bb1+ f5 60.exf6 Kg8 61.Ba2+ Kf8 62.Ra8+  1-0

[Event "6th Open"]
[Site "Dubai UAE"]
[Date "2004.04.22"]
[Round "4"]
[White "Gleizerov,E"]
[Black "Shanava,K"]
[Result "1/2-1/2"]
[WhiteElo "2592"]
[BlackElo "2428"]

1.d4 d5 2.c4 c6 3.Nf3 Nf6 4.Nc3 dxc4 5.a4 Bf5 6.e3 e6 7.Bxc4 Bb4 8.O-O O-O
9.Nh4 Nbd7 10.Nxf5 exf5 11.Qc2 g6 12.f3 Nb6 13.Bb3 Re8 14.Qf2 Nbd5 15.Bd2 Qa5
16.Rac1 Re7 17.e4 Bxc3 18.Bxc3 Nxc3 19.bxc3 fxe4 20.Qh4 Kg7 21.fxe4 g5 22.e5 gxh4
23.exf6+ Kh6 24.fxe7 Qg5 25.Rce1 h3 26.Re2 Re8 27.Rxf7 Qc1+ 28.Kf2 Qxc3 29.Re6+ Kg5
30.Rg7+ Kf5 31.Rf7+ Kg5 32.Rg7+ Kf5 33.g4+ Kf4 34.Rf7+ Kg5 35.Rg7+ Kf4  1/2-1/2

[Event "7th St Quentin Open"]
[Site "Elancourt FRA"]
[Date "2004.04.25"]
[Round "9"]
[White "Bronznik,V"]
[Black "Sanchez,Joseph"]
[Result "0-1"]
[WhiteElo "2410"]
[BlackElo "2453"]

1.d4 d5 2.c4 c6 3.Nf3 Nf6 4.Nc3 dxc4 5.a4 Bf5 6.e3 e6 7.Bxc4 Bb4 8.O-O Nbd7
9.Qe2 Bg6 10.Ne5 Nxe5 11.dxe5 Nd7 12.f4 Nc5 13.Na2 a5 14.Nxb4 axb4 15.Bd2 Qb6
16.b3 O-O 17.Rfc1 Rfd8 18.Be1 Nd3 19.Bxd3 Rxd3 20.a5 Qxe3+ 21.Qxe3 Rxe3  0-1

[Event "Capablanca Mem Premier I"]
[Site "Havana CUB"]
[Date "2004.05.06"]
[Round "1"]
[White "Otero,D"]
[Black "Perez,Lu"]
[Result "1/2-1/2"]
[WhiteElo "2399"]
[BlackElo "2438"]

1.d4 d5 2.c4 c6 3.Nf3 Nf6 4.Nc3 dxc4 5.a4 Bf5 6.Ne5 e6 7.Bg5 Nbd7 8.e4 Nxe5
9.exf5 Nd3+ 10.Bxd3 cxd3 11.fxe6 Qxd4 12.exf7+ Kxf7 13.O-O Be7 14.Qb3+ Kg6
15.Qxb7 Qb4 16.Qxb4 Bxb4 17.Be3 Rhd8 18.Rfd1 Rd7 19.Rac1 Rb8 20.Na2 Ba5 21.b4 Bxb4
22.Rxc6 Ba5 23.Nc3 Rb4 24.f3 Kf7 25.Nb5 Ne8 26.Bxa7 Rxa4 27.Ra6 d2 28.Kf1 Nc7
29.Nxc7 Rxc7 30.Be3 Ra2 31.Ra7 Rxa7 32.Bxa7 Bc7 33.Bf2 Rc2 34.g3 Ba5 35.Be3 Rc6
36.Bxd2 Bxd2 37.Rxd2 Rc3 38.Kf2 Rb3 39.h4 h5 40.Ra2 Kf6 41.Ra6+ Kf7 42.Ra5 g6
43.Ra6 Kg7  1/2-1/2

[Event "9th Ivan Cvitanovic Mem"]
[Site "Split CRO"]
[Date "2004.05.06"]
[Round "6"]
[White "Zaja,I"]
[Black "Pataki,G"]
[Result "1/2-1/2"]
[WhiteElo "2439"]
[BlackElo "2381"]

1.d4 d5 2.c4 c6 3.Nf3 Nf6 4.Nc3 dxc4 5.a4 Bf5 6.Nh4 e6 7.Nxf5 exf5 8.e3 Bb4
9.Bxc4 O-O 10.O-O Nbd7 11.Bd2 g6 12.Qb3 a5 13.Rfd1 Nb6 14.Bf1 Qe7 15.g3 Qe6
16.Qxe6 fxe6 17.Ne2 Bxd2 18.Rxd2 Nbd5 19.Nc1 Nb4 20.Bc4 Kf7 21.f3 Ke7 22.Ne2 Rad8
23.Rad1 Rd7 24.h4 Rfd8 25.Kf2 e5 26.Nc3 exd4 27.exd4 Kf8 28.Ne2 Nfd5 29.Nc3 Nf6
30.Ne2 Nfd5 31.Nc3  1/2-1/2

[Event "Capablanca Mem Premier II"]
[Site "Havana CUB"]
[Date "2004.05.07"]
[Round "2"]
[White "Borges Mateos,J"]
[Black "Nogueiras,J"]
[Result "1/2-1/2"]
[WhiteElo "2426"]
[BlackElo "2482"]

1.d4 d5 2.c4 c6 3.Nf3 Nf6 4.Nc3 dxc4 5.a4 Bf5 6.e3 e6 7.Bxc4 Bb4 8.O-O O-O
9.Qe2 Bg6 10.Ne5 Nbd7 11.Nxg6 hxg6 12.Rd1 Qa5 13.Qc2 Rad8 14.Na2 Bd6 15.h3  1/2-1/2

[Event "FSIM May"]
[Site "Budapest HUN"]
[Date "2004.05.13"]
[Round "13"]
[White "Wendt,J"]
[Black "Kolbus,D"]
[Result "1/2-1/2"]
[WhiteElo "2304"]
[BlackElo "2296"]

1.Nf3 Nf6 2.c4 c6 3.d4 d5 4.Nc3 dxc4 5.a4 Bf5 6.e3 Bd3 7.Bxd3 cxd3 8.a5 e6
9.Qa4 Be7 10.Ne5 O-O 11.Nxd3 Na6 12.O-O  1/2-1/2

[Event "7th United Insurance"]
[Site "Dhaka BAN"]
[Date "2004.05.13"]
[Round "10"]
[White "Chatterjee,D"]
[Black "Hossain,Enam"]
[Result "0-1"]
[WhiteElo "2229"]
[BlackElo "2436"]

1.d4 d5 2.c4 c6 3.Nf3 Nf6 4.Nc3 dxc4 5.a4 Bf5 6.e3 e6 7.Bxc4 Bb4 8.O-O O-O
9.Qe2 Nbd7 10.e4 Bg6 11.Bd3 h6 12.e5 Nd5 13.Bxg6 fxg6 14.Nxd5 exd5 15.Qd3 g5
16.g3 Qe7 17.h4 g4 18.Nh2 Qe6 19.Qe2 h5 20.Bd2 Bxd2 21.Qxd2 Qg6 22.Rae1 Rfe8
23.Kg2 Nf8 24.f4 Qf5 25.Rd1 a5 26.Rfe1 g6 27.Nf1 Ne6 28.Qd3 Qxd3 29.Rxd3 Ra6
30.Rb3 Rb8 31.Rd1 Kf7 32.Ne3 Ng7 33.Kf2 Ke6 34.Rc1 Ne8 35.Rc5 Nc7 36.Ke1 Na8
37.Rbc3 Nb6 38.Rxc6+ bxc6 39.Rxc6+ Kd7 40.Rxg6 Nc4 41.Rxa6 Nxe3 42.Rxa5 Rxb2
43.f5 Nxf5 44.Rxd5+ Ke7 45.a5 Ra2 46.Rc5 Nxg3 47.d5 Ne4 48.Rc7+ Kd8  0-1

[Event "Capablanca Mem Premier II"]
[Site "Havana CUB"]
[Date "2004.05.14"]
[Round "8"]
[White "Almeida,O"]
[Black "Nogueiras,J"]
[Result "1/2-1/2"]
[WhiteElo "2426"]
[BlackElo "2482"]

1.d4 d5 2.Nf3 Nf6 3.c4 c6 4.Nc3 dxc4 5.a4 Bf5 6.Ne5 Na6 7.e3 Nb4 8.Bxc4 e6
9.O-O h6 10.Qe2 Bh7 11.Rd1  1/2-1/2

[Event "ch-URU"]
[Site "Montevideo URU"]
[Date "2004.05.15"]
[Round "2"]
[White "Riverol,J"]
[Black "Larrea,M"]
[Result "0-1"]
[WhiteElo "2269"]
[BlackElo "2224"]

1.d4 d5 2.Nf3 Nf6 3.c4 c6 4.Nc3 dxc4 5.a4 Bf5 6.e3 e6 7.Bxc4 Bb4 8.O-O O-O
9.Qe2 Nbd7 10.h3 Rc8 11.Nh4 Bg6 12.Nxg6 hxg6 13.Rd1 Qa5 14.Na2 Qxa4 15.b3 Qa5
16.Nxb4 Qxa1 17.Na2 Qb1 18.Ba3 Qf5 19.Bxf8 Rxf8 20.Bd3 Qh5 21.Qc2 e5 22.dxe5 Qxe5
23.Nc3 Nc5 24.Bc4 b5 25.Be2 a5 26.Bf3 Rc8 27.Ne2 Nce4 28.Nd4 Qe8 29.Rc1 c5
30.Nxb5 Qxb5 31.Bxe4 Nxe4 32.Qxe4 Qxb3 33.Rc4 Qd1+ 34.Kh2 Qd6+ 35.g3 Rb8
36.Qc2 Rb5 37.Kg2 Qb6  0-1

[Event "Rapid Open"]
[Site "Cergy Pontoise FRA"]
[Date "2004.05.16"]
[Round "10"]
[White "David,Alb"]
[Black "Sanchez,Joseph"]
[Result "1-0"]
[WhiteElo "2580"]
[BlackElo "2453"]

1.d4 d5 2.c4 c6 3.Nf3 Nf6 4.Nc3 dxc4 5.a4 Bf5 6.e3 e6 7.Bxc4 Bb4 8.O-O Nbd7
9.Qe2 Bg6 10.e4 Bxc3 11.bxc3 Nxe4 12.Ba3 Qc7 13.Qe3 Nd6 14.Bxe6 O-O-O 15.Qe5 fxe6
16.Qxd6 Qxd6 17.Bxd6 Nb6 18.Bc5 Nd5 19.c4 Nf4 20.Bxa7 Bd3 21.Rfe1 Bxc4 22.Ne5 Bd5
23.f3 Rhf8 24.Bb6 Rde8 25.a5 Ng6 26.Bc5 Nxe5 27.dxe5 Rf7 28.Rec1 Rf4 29.a6 b5
30.Bd6 Rc4 31.Rxc4 Bxc4 32.Kf2 c5 33.Ra5 Kd7 34.Bxc5 Kc6 35.Be3 Rd8 36.h4 h5
37.Kg3 Rf8 38.Bf2 Bd5 39.a7 Ra8 40.Ra6+ Kc7 41.Bc5 b4 42.Ra4 b3 43.Rb4 Kc6
44.Bd4 Kc7 45.Kf4 Rc8 46.Kg5 Kd7 47.Kxh5 Rc2 48.g4 Bxf3 49.Rxb3 Be4 50.Rb8 Ra2
51.Rg8 Kc6 52.Rxg7 Kd5 53.Rd7+ Kc4 54.Kg5 Rg2 55.Bb6 Bf3 56.Rd4+ Kb5 57.Bd8  1-0

[Event "Capablanca Mem Premier II"]
[Site "Havana CUB"]
[Date "2004.05.16"]
[Round "10"]
[White "Almeida,O"]
[Black "Rohl,J"]
[Result "1/2-1/2"]
[WhiteElo "2426"]
[BlackElo "2388"]

1.d4 d5 2.Nf3 Nf6 3.c4 c6 4.Nc3 dxc4 5.a4 Bf5 6.Ne5 Nbd7 7.Nxc4 Nd5 8.g3 e5
9.Bg2 exd4 10.Qxd4 Qf6 11.Qxf6 N7xf6 12.Nxd5 cxd5 13.Ne3 Bb4+ 14.Bd2 Bxd2+
15.Kxd2 Be4 16.f3 Bg6 17.Rac1 O-O 18.Nc2 Nd7 19.Nd4 Ne5 20.b3 Nc6 21.e3 Rab8
22.Rc5 Nxd4 23.exd4 b6 24.Rc7 a5 25.Bf1 Rbc8 26.Rxc8 Rxc8 27.Bd3 f6 28.Bxg6 hxg6
29.Rc1 Rxc1 30.Kxc1 Kf7 31.Kd2 Ke6 32.g4  1/2-1/2

[Event "2nd Leonine GM"]
[Site "Dhaka BAN"]
[Date "2004.05.22"]
[Round "5"]
[White "Ravi,L"]
[Black "Abdulla,AlR"]
[Result "0-1"]
[WhiteElo "2461"]
[BlackElo "2422"]

1.d4 d5 2.c4 c6 3.Nf3 Nf6 4.Nc3 dxc4 5.a4 Bf5 6.Ne5 Nbd7 7.Nxc4 Nb6 8.Ne5 a5
9.f3 Nfd7 10.Nd3 Bxd3 11.Qxd3 e5 12.dxe5 Bb4 13.f4 O-O 14.e3 Nc5 15.Qc2 Qd5
16.Bd2 Qb3 17.O-O-O Rfd8 18.Be2 Rxd2 19.Kxd2 Qa2 20.Ke1 Ncxa4 21.Kf2 Bxc3
22.Bd3 Qxb2 23.Bxh7+ Kf8 24.Rb1 Qxc2+ 25.Bxc2 Bb4 26.h4 Nc3 27.Ra1 Rd8 28.Kf3 Rd2
29.Bf5 a4 30.h5 a3 31.h6 gxh6 32.Rxh6 Rd1 33.Rh8+ Kg7 34.Rh7+ Kg8 35.Rxd1 Nxd1
36.Rh1 Nc3 37.e6 a2 38.exf7+ Kxf7 39.Bc2 c5 40.g4 Kg7 41.g5 Nb1 42.f5 a1=Q
43.f6+ Kg8 44.Bxb1 Qe5 45.Kg4 Nd5 46.Rh6 Nxe3+ 47.Kh5 c4 48.Bh7+ Kf7 49.Bg6+ Ke6
50.Be8 Kf5 51.Bd7+ Kf4 52.Rg6 Qd5 53.Rg7 Bf8  0-1

[Event "2nd Leonine GM"]
[Site "Dhaka BAN"]
[Date "2004.05.23"]
[Round "6"]
[White "Nguyen Anh Dung"]
[Black "Reefat,S"]
[Result "1-0"]
[WhiteElo "2535"]
[BlackElo "2472"]

1.d4 d5 2.c4 c6 3.Nf3 Nf6 4.Nc3 dxc4 5.a4 Bf5 6.Ne5 Nbd7 7.Nxc4 Nb6 8.Ne5 a5
9.f3 Nfd7 10.Nxd7 Nxd7 11.e4 Bg6 12.Be3 e6 13.Be2 Bb4 14.O-O O-O 15.Qb3 Qb6
16.Bf2 Rfe8 17.Rfd1 Bc5 18.Qc2 Bf8 19.Bf1 Rad8 20.Rac1 Qa7 21.Ne2 Qb8 22.Bg3 e5
23.dxe5 Nxe5 24.Qc3 Rxd1 25.Rxd1 Bb4 26.Qb3 Qa7+ 27.Kh1 h5 28.Nf4 Kh7  1-0

[Event "29th Elekes Mem IM"]
[Site "Budapest HUN"]
[Date "2004.05.25"]
[Round "11"]
[White "Orso,M"]
[Black "Lorincz,I"]
[Result "1/2-1/2"]
[WhiteElo "2350"]
[BlackElo "2337"]

1.d4 d5 2.c4 c6 3.Nf3 Nf6 4.Nc3 dxc4 5.a4 Bf5 6.e3 e6 7.Bxc4 Bb4 8.O-O Nbd7
9.Qe2 Bg6 10.Bd2 a5 11.Rfd1 Qc7 12.Rac1 O-O 13.h3 Rad8 14.Nh4 Bh5 15.Nf3 Bg6
16.Nh4 Bh5 17.Nf3 Bg6 18.Nh4  1/2-1/2

[Event "TCh-BIH"]
[Site "Neum BIH"]
[Date "2004.05.31"]
[Round "3"]
[White "Ruck,R"]
[Black "Shirov,A"]
[Result "0-1"]
[WhiteElo "2556"]
[BlackElo "2713"]

1.Nf3 d5 2.d4 c6 3.c4 Nf6 4.Nc3 dxc4 5.a4 Bf5 6.Ne5 Nbd7 7.Nxc4 Qc7 8.g3 e5
9.dxe5 Nxe5 10.Bf4 Nfd7 11.Bg2 g5 12.Ne3 gxf4 13.Nxf5 O-O-O 14.Qc2 Nc5 15.O-O Ne6
16.Rfd1 Bc5 17.Ne4 Bb4 18.Rxd8+ Rxd8 19.a5 fxg3 20.hxg3 Bxa5 21.Ned6+ Kb8
22.Qe4 f6 23.Qh4 Ng5 24.Qh6 Ng6 25.e4 Bb4 26.Nc4 Qf7 27.b3 Rd3 28.Rb1 b5
29.Nce3 Ne5 30.f4 Bf8 31.Qh1 Bc5 32.fxe5 Rxe3  0-1